00862 2200289 4500001002100000005001500021035002000036007000300056040001600059100003000075245006600105250002100171300004200192020002200234041000800256082001000264090002000274264004100294336002100335337003000356338002300386500002900409700004500438700003800483850001000521008004100531INLIS00000000000442120260525125131 a0010-0122000053ta aSBUPADbind0 aRidwan SanjayaePengarang1 aSeratus Satu Solusi Ahli Komputer- Virus, Ponsel Dan Komputer a.-Ed. 1, Cet. 10 axvi, 160 hal. :billus. ;c12 x 19 cm a978-979-29-1355-20 aind a006.4 a006.4 RID s 1 9 a.--Yogyakarta :bANDI Offset,c2010. 2rdacontentaTeks 2rdamediaaTanpa Perantara 2rdacarrieravolume aProfile Penulis, hlm 1491 aPengarang ke-2,Fredy SetyawanePengarang1 aeditor, Maria AgustinaePengarang aPUPAD260525 0